[Event "Online Olym Top DivC 2021"]
[Site "chess.com INT"]
[Date "2021.09.10"]
[Round "4.4"]
[Board "6"]
[White "Eizaguerri Floris, Maria"]
[Black "Levitan, Ronit"]
[Result "1-0"]
[WhiteTitle "FM"]
[BlackTitle "WCM"]
[WhiteElo "2328"]
[BlackElo "2171"]
[WhiteTeam "Spain"]
[BlackTeam "Israel"]
[WhiteFideId "32065752"]
[BlackFideId "2815109"]
[EventDate "2021.09.09"]
[EventType "team"]

1. e4 e5 2. Nf3 Nc6 3. Bb5 a6 4. Ba4 Nf6 5. O-O Nxe4 6. d4 b5 7. Bb3 d5 8. dxe5
Be6 9. Nbd2 Nc5 10. c3 Bf5 11. Nd4 Nxd4 12. cxd4 Ne6 13. Nf3 Be7 14. Be3 O-O 15.
Rc1 Rc8 16. h3 c6 17. Bc2 Bxc2 18. Qxc2 c5 19. dxc5 d4 20. Rcd1 Rxc5 21. Qe4 Qd5
22. Qb1 Rc4 23. b3 Rc3 24. Bxd4 Rxf3 25. Bb2 Qb7 26. gxf3 Qxf3 27. Qd3 Qh5 28.
Qg3 Bg5 29. Bc1 h6 30. Bxg5 hxg5 31. Qg4 Qh6 32. Rd6 g6 33. Rxa6 Nf4 34. Kh2 Qh8
35. Re1 Nd3 36. Re3 Nxf2 37. Qxg5 Nd1 38. Re1 Nc3 39. e6 Qd4 40. exf7+ Rxf7 41.
Qxg6+ Kf8 42. Ra8+ 1-0

[Event "Online Olym Top DivC 2021"]
[Site "chess.com INT"]
[Date "2021.09.10"]
[Round "4.5"]
[Board "1"]
[White "Perez Ponsa, Federico"]
[Black "Vocaturo, Daniele"]
[Result "1/2-1/2"]
[WhiteTitle "GM"]
[BlackTitle "GM"]
[WhiteElo "2554"]
[BlackElo "2626"]
[WhiteTeam "Argentina"]
[BlackTeam "Italy"]
[WhiteFideId "117927"]
[BlackFideId "813192"]
[EventDate "2021.09.09"]
[EventType "team"]

1. d4 Nf6 2. c4 Nc6 3. Nf3 e6 4. a3 g6 5. Nc3 d6 6. g3 Bg7 7. Bg2 O-O 8. O-O Re8
9. d5 Nb8 10. dxe6 Bxe6 11. Nd4 Bc8 12. Qc2 Nbd7 13. Rd1 c6 14. b3 Qe7 15. Bb2
Nc5 16. b4 Nce4 17. Nxe4 Nxe4 18. e3 h5 19. Nf3 Bxb2 20. Qxb2 Bg4 21. h3 Bf5 22.
Rac1 Rad8 23. b5 c5 24. a4 g5 25. Rd5 1/2-1/2

[Event "Online Olym Top DivC 2021"]
[Site "chess.com INT"]
[Date "2021.09.10"]
[Round "4.5"]
[Board "2"]
[White "Moroni, Luca Jr"]
[Black "Felgaer, Ruben"]
[Result "1-0"]
[WhiteTitle "GM"]
[BlackTitle "GM"]
[WhiteElo "2566"]
[BlackElo "2572"]
[WhiteTeam "Italy"]
[BlackTeam "Argentina"]
[WhiteFideId "865834"]
[BlackFideId "107069"]
[EventDate "2021.09.09"]
[EventType "team"]

1. d4 d5 2. Nf3 Nf6 3. Bf4 e6 4. e3 Bd6 5. Nbd2 O-O 6. Bd3 b6 7. O-O Bxf4 8.
exf4 c5 9. c3 Ba6 10. Bxa6 Nxa6 11. Ne5 Qd6 12. Qa4 Nb8 13. b4 c4 14. Qc2 Ne8
15. Rae1 f6 16. Nef3 Nc7 17. f5 exf5 18. Qxf5 a5 19. a3 axb4 20. axb4 Nc6 21.
Re3 Rfe8 22. Rxe8+ Nxe8 23. Re1 Nc7 24. h4 Ne7 25. Qg4 Nb5 26. Nb1 Nc7 27. h5
Ra1 28. Nh4 Kf8 29. Nf5 Nxf5 30. Qxf5 h6 31. g3 Ra8 32. Nd2 Re8 33. Rxe8+ Nxe8
34. Nf1 Nc7 35. Qc8+ Kf7 36. Ne3 Qe7 37. Qb7 Kf8 38. Qxb6 Qd7 39. Qb7 Ke8 40.
Qb8+ Qd8 41. Qa7 Qd7 42. Qc5 Kf7 43. Kg2 Qe7 44. Qc6 Kg8 45. Kg1 Kh7 46. b5 Ne8
47. Qxd5 Qa3 48. Qe4+ 1-0

[Event "Online Olym Top DivC 2021"]
[Site "chess.com INT"]
[Date "2021.09.10"]
[Round "4.5"]
[Board "3"]
[White "Lujan, Carolina"]
[Black "Brunello, Marina"]
[Result "0-1"]
[WhiteTitle "IM"]
[BlackTitle "IM"]
[WhiteElo "2340"]
[BlackElo "2354"]
[WhiteTeam "Argentina"]
[BlackTeam "Italy"]
[WhiteFideId "109878"]
[BlackFideId "822590"]
[EventDate "2021.09.09"]
[EventType "team"]

1. e4 c5 2. Nf3 d6 3. d4 cxd4 4. Nxd4 Nf6 5. Nc3 a6 6. Bd3 e5 7. Nde2 Nbd7 8.
Ng3 Nc5 9. O-O Ne6 10. Nd5 Nxd5 11. exd5 Nc5 12. f4 Be7 13. Bf5 O-O 14. fxe5
dxe5 15. b4 Nd7 16. a3 a5 17. Rb1 axb4 18. axb4 Nb6 19. Be4 g6 20. Bh6 Re8 21.
Kh1 Nc4 22. Bd3 b5 23. Ne4 f5 24. Nc5 Qxd5 25. Bxc4 Qxc4 26. Qf3 e4 27. Qf2 Bf6
28. Rbd1 Be6 29. Nxe6 Rxe6 30. h3 Rc8 31. Rd7 Re7 32. Qa7 Qxf1+ 0-1

[Event "Online Olym Top DivC 2021"]
[Site "chess.com INT"]
[Date "2021.09.10"]
[Round "4.5"]
[Board "4"]
[White "Movileanu, Daniela"]
[Black "Borda Rodas, Anapaola S."]
[Result "1/2-1/2"]
[WhiteTitle "WIM"]
[BlackTitle "WFM"]
[WhiteElo "2239"]
[BlackElo "2162"]
[WhiteTeam "Italy"]
[BlackTeam "Argentina"]
[WhiteFideId "873349"]
[BlackFideId "152781"]
[EventDate "2021.09.09"]
[EventType "team"]

1. e4 e5 2. Nf3 Nc6 3. Bb5 a6 4. Ba4 Nf6 5. Bxc6 dxc6 6. d3 Bd6 7. Nbd2 O-O 8.
Qe2 Nd7 9. Nc4 f6 10. Bd2 Nb6 11. Ne3 Re8 12. O-O-O Be6 13. Kb1 Bc5 14. Nh4 Qd7
15. Nef5 Qf7 16. a3 Bf8 17. g4 c5 18. Rhg1 c4 19. g5 cxd3 20. cxd3 fxg5 21. Bxg5
Kh8 22. Be3 Nc8 23. Rg3 Nd6 24. Nxd6 Bxd6 25. Rdg1 Bf8 26. Nf3 Rad8 27. Ng5 Qd7
28. Bc1 Bg8 29. Qh5 g6 30. Qe2 Qb5 31. Qc2 Rd7 32. Qc3 Bg7 33. Rh3 Red8 34. Rgg3
Bf6 1/2-1/2

[Event "Online Olym Top DivC 2021"]
[Site "chess.com INT"]
[Date "2021.09.10"]
[Round "4.5"]
[Board "5"]
[White "Kapitanchuk, Tomas"]
[Black "Sonis, Francesco"]
[Result "1/2-1/2"]
[WhiteTitle "FM"]
[BlackTitle "IM"]
[WhiteElo "2346"]
[BlackElo "2523"]
[WhiteTeam "Argentina"]
[BlackTeam "Italy"]
[WhiteFideId "135046"]
[BlackFideId "895733"]
[EventDate "2021.09.09"]
[EventType "team"]

1. e4 e6 2. d4 d5 3. Nd2 c5 4. Ngf3 Nf6 5. exd5 Nxd5 6. Ne4 cxd4 7. Nxd4 Be7 8.
Be2 O-O 9. O-O Nd7 10. c4 N5f6 11. Ng3 Ne5 12. Bf4 Ng6 13. Be3 Bd7 14. a3 Qc7
15. b4 b6 16. Qb3 Rac8 17. Rac1 Rfd8 18. Rc2 Be8 19. Rfc1 Qb8 20. Qb2 Ba4 21.
Rd2 Be8 22. Nb3 Rxd2 23. Qxd2 a5 24. c5 Nd5 25. cxb6 Rxc1+ 26. Qxc1 axb4 27.
axb4 Bxb4 28. Qc4 Nxe3 29. Qxb4 Nd5 30. Qc5 Nxb6 31. Qb4 Qc7 32. h4 Nd5 33. Qd4
h6 34. Nc5 Ndf4 35. h5 Nh4 36. Bf1 e5 37. Qe3 Bc6 38. f3 Qd6 39. Nce4 Qb4 40.
Kh2 Qb2 41. Qf2 Qxf2 42. Nxf2 g6 43. hxg6 Nhxg6 44. Ng4 Kh7 45. Bc4 Bd5 46. Nf6+
Kg7 47. Nxd5 Nxd5 48. Bxd5 Nf4 49. Be4 h5 50. Nf5+ Kf6 51. g3 Ne6 52. Ne3 Kg5
53. Kh3 Nd4 54. Bd5 f5 55. Ng2 Ne2 56. Kh2 f4 57. gxf4+ exf4 58. Bc4 Nd4 59. Bd5
Ne2 60. Ne1 Nd4 61. Nd3 Nf5 62. Be4 Ng3 63. Bc6 Ne2 64. Nf2 Nd4 65. Bd5 Ne2 66.
Be4 Nc3 67. Nh3+ Kf6 68. Bc6 Kf5 69. Be8 h4 70. Nf2 Ne2 71. Bd7+ Ke5 72. Kh3 Kd4
73. Ng4 Ng1+ 74. Kg2 Ne2 75. Bb5 Nc3 76. Ba6 Nb1 77. Kh3 Nd2 78. Be2 Kc3 79.
Kxh4 Nb3 80. Kg5 Nd4 81. Bd1 Kd2 82. Kxf4 Kxd1 83. Ne3+ Kc1 84. Ke4 Nxf3 1/2-1/2

[Event "Online Olym Top DivC 2021"]
[Site "chess.com INT"]
[Date "2021.09.10"]
[Round "4.5"]
[Board "6"]
[White "Grimaldi, Angela Flavia"]
[Black "Francisco Guecamburu, Candela Be"]
[Result "0-1"]
[WhiteTitle "WFM"]
[BlackTitle "WFM"]
[WhiteElo "2078"]
[BlackElo "2034"]
[WhiteTeam "Italy"]
[BlackTeam "Argentina"]
[WhiteFideId "2805214"]
[BlackFideId "160911"]
[EventDate "2021.09.09"]
[EventType "team"]

1. e4 c5 2. Nf3 a6 3. c4 Nc6 4. d4 cxd4 5. Nxd4 e5 6. Nc2 Nf6 7. Nc3 Bc5 8. Be2
d6 9. O-O Be6 10. Be3 O-O 11. Qd2 Bxe3 12. Nxe3 Qb6 13. b3 Qd4 14. Rad1 Rad8 15.
Nc2 Qb6 16. Kh1 Nd7 17. Na4 Qa7 18. f3 Nb6 19. Nc3 f5 20. Qe3 f4 21. Qf2 Na8 22.
Qxa7 Nxa7 23. Rd2 Rd7 24. Rfd1 Rfd8 25. a4 a5 26. Na3 Nc7 27. Kg1 Kf7 28. Kf2
Ke7 29. Ke1 Na6 30. Nd5+ Bxd5 31. Rxd5 Nc5 32. Rb1 Nc6 33. Nb5 b6 34. Kd2 Nb4
35. Kc3 Nxd5+ 36. cxd5 Rg8 37. Bc4 g5 38. h3 h5 39. Be2 g4 40. hxg4 hxg4 41. Rh1
gxf3 42. Rh7+ Kd8 43. Rxd7+ Kxd7 44. Bxf3 Rg3 45. Kc4 Rg7 46. Na7 Rg6 47. Nc6
Rh6 48. b4 axb4 49. Kxb4 Rh1 50. a5 Rb1+ 51. Kc3 bxa5 52. Nxa5 Re1 53. Nc4 Nxe4+
54. Bxe4 Rxe4 55. Kd3 Re1 56. Kd2 Rg1 0-1

[Event "Online Olym Top DivC 2021"]
[Site "chess.com INT"]
[Date "2021.09.10"]
[Round "5.1"]
[Board "1"]
[White "Basso, Pier Luigi"]
[Black "Mustaps, Matiss"]
[Result "1/2-1/2"]
[WhiteTitle "GM"]
[BlackTitle "FM"]
[WhiteElo "2553"]
[BlackElo "2356"]
[WhiteTeam "Italy"]
[BlackTeam "Latvia"]
[WhiteFideId "866970"]
[BlackFideId "11602295"]
[EventDate "2021.09.09"]
[EventType "team"]

1. d4 Nf6 2. c4 g6 3. Nc3 Bg7 4. e4 O-O 5. f3 d6 6. Nge2 a6 7. Be3 Nc6 8. Qd2
Rb8 9. Rc1 Bd7 10. Nd1 b5 11. c5 e5 12. d5 Ne7 13. c6 Bc8 14. g4 Bxg4 15. fxg4
Nxe4 16. Qd3 Nf6 17. g5 Nfxd5 18. Bg2 Nxe3 19. Nxe3 d5 20. Nxd5 Nxd5 21. Bxd5
Qxg5 22. h4 e4 23. Qxe4 Qf6 24. Qf3 Qxb2 25. O-O Rbe8 26. Ng3 Re3 27. Qg2 Rxg3
28. Qxg3 Qd4+ 29. Kg2 Qxd5+ 30. Qf3 Qxa2+ 31. Rf2 Qe6 32. Rd1 b4 33. Rd7 b3 34.
Rxc7 b2 35. Rb7 a5 36. c7 a4 37. Rb8 a3 38. Qxa3 Qc6+ 39. Qf3 Qxc7 40. Rxf8+
Kxf8 41. Qa8+ Ke7 42. Qa3+ Ke8 43. Qa8+ Ke7 44. Qa3+ Ke8 45. Re2+ Be5 46. Qxb2
Qc6+ 47. Kg1 f6 48. Qb3 Qc1+ 49. Kg2 Qc6+ 50. Kf2 Kf8 51. Qd3 Qb6+ 52. Kg2 Qd4
53. Qxd4 Bxd4 54. Rd2 Be5 55. Rd7 h5 56. Kf3 f5 57. Rb7 Bf6 58. Kg3 Be7 59. Rb6
Kf7 60. Ra6 Bf6 61. Rc6 Be7 62. Ra6 Bf6 63. Rc6 Be7 64. Ra6 1/2-1/2

[Event "Online Olym Top DivC 2021"]
[Site "chess.com INT"]
[Date "2021.09.10"]
[Round "5.1"]
[Board "2"]
[White "Lavendelis, Egons"]
[Black "Lodici, Lorenzo"]
[Result "1-0"]
[WhiteTitle "FM"]
[BlackTitle "IM"]
[WhiteElo "2304"]
[BlackElo "2507"]
[WhiteTeam "Latvia"]
[BlackTeam "Italy"]
[WhiteFideId "11601647"]
[BlackFideId "884189"]
[EventDate "2021.09.09"]
[EventType "team"]

1. e4 e5 2. Nf3 Nc6 3. d4 exd4 4. Bc4 Nf6 5. e5 Ne4 6. Bd5 Nc5 7. O-O Ne6 8.
Nbd2 Be7 9. Nb3 O-O 10. Re1 Kh8 11. Nbxd4 Nexd4 12. Nxd4 Nxd4 13. Qxd4 d6 14.
Bf4 c6 15. Bb3 d5 16. c4 dxc4 17. Qxd8 Rxd8 18. Bxc4 Be6 19. Bxe6 fxe6 20. Red1
Bc5 21. Kf1 Bd4 22. Rab1 Rd5 23. Bg3 g5 24. Rd2 Rad8 25. Re1 Kg7 26. Re4 Kg6 27.
Rde2 Bb6 28. f4 Rd1+ 29. Be1 g4 30. g3 Kf5 31. Kg2 Ra1 32. a3 Rdd1 33. h3 h5 34.
hxg4+ hxg4 35. Kh2 Bd4 36. Kg2 c5 37. Bf2 Bxf2 38. Kxf2 Rd4 39. R4e3 Rb1 40. Rc3
b6 41. Kg2 Rbd1 42. Kf2 R4d2 43. Rc2 Rxc2 44. Rxc2 Ke4 45. Re2+ Kf5 46. Kg2 Rd3
47. Kf2 c4 48. Rc2 b5 49. Re2 c3 50. bxc3 Rxc3 51. Ra2 Ke4 52. Re2+ Kf5 53. Ra2
a6 54. Kg2 Ke4 55. Re2+ Kd3 56. Ra2 Ke3 57. Rf2 Ke4 58. Re2+ Kd3 59. Rf2 Kc4 60.
f5 exf5 61. Rxf5 Kb3 62. Kf2 Kxa3 63. e6 Rc8 64. Ke3 Re8 65. Re5 b4 66. Ra5+ Kb2
67. Rxa6 b3 68. Kf4 Rg8 69. e7 Kc3 70. Rc6+ Kb4 71. Rb6+ Kc3 72. Kf5 b2 73. Kf6
Rh8 74. Kg7 Rc8 75. Kf7 Rc7 76. Kf8 Rxe7 77. Kxe7 Kc2 78. Kf6 b1=Q 79. Rxb1 Kxb1
80. Kf5 1-0

[Event "Online Olym Top DivC 2021"]
[Site "chess.com INT"]
[Date "2021.09.10"]
[Round "5.1"]
[Board "3"]
[White "Sedina, Elena"]
[Black "Rogule, Laura"]
[Result "1/2-1/2"]
[WhiteTitle "IM"]
[BlackTitle "WGM"]
[WhiteElo "2259"]
[BlackElo "2286"]
[WhiteTeam "Italy"]
[BlackTeam "Latvia"]
[WhiteFideId "812153"]
[BlackFideId "11601876"]
[EventDate "2021.09.09"]
[EventType "team"]

1. e4 c5 2. Nf3 Nc6 3. Bb5 g6 4. O-O Bg7 5. c3 Nf6 6. Re1 a6 7. Bxc6 dxc6 8. d4
cxd4 9. cxd4 Bg4 10. Nbd2 O-O 11. h3 Bxf3 12. Nxf3 c5 13. e5 Nd5 14. dxc5 Rc8
15. Qd4 e6 16. Bg5 Qa5 17. Rec1 h6 18. Bd2 Qd8 19. Qe4 Qe7 20. b4 Rfd8 21. Rab1
Rd7 22. a4 Rdc7 23. Nd4 Qd7 24. Ra1 Qe7 25. Nb3 Qd7 26. Qe2 Bf8 27. b5 axb5 28.
axb5 Kh7 29. Ba5 b6 30. Bxb6 Nxb6 31. cxb6 Rxc1+ 32. Rxc1 Rxc1+ 33. Nxc1 Bc5 34.
Qd3 Qb7 35. Qc4 Bxb6 36. Nd3 Qa7 37. Qf4 Qd7 38. Qc4 Qa7 39. g3 Bd4 40. Kg2 Qb7+
41. Qc6 Qa7 42. Qc4 Kg7 43. h4 Qb6 44. Qc6 Qa7 45. Qf3 Qe7 46. Qe4 Qd7 47. Qc6
Qa7 48. Qf3 Qe7 49. Qc6 Qa7 1/2-1/2

[Event "Online Olym Top DivC 2021"]
[Site "chess.com INT"]
[Date "2021.09.10"]
[Round "5.1"]
[Board "4"]
[White "Vidruska, Renate"]
[Black "Movileanu, Daniela"]
[Result "1-0"]
[WhiteTitle "WFM"]
[BlackTitle "WIM"]
[WhiteElo "2000"]
[BlackElo "2239"]
[WhiteTeam "Latvia"]
[BlackTeam "Italy"]
[WhiteFideId "11601841"]
[BlackFideId "873349"]
[EventDate "2021.09.09"]
[EventType "team"]

1. e4 c5 2. Nf3 d6 3. d4 cxd4 4. Nxd4 Nf6 5. Nc3 a6 6. Bg5 e6 7. f4 Nbd7 8. Qf3
Be7 9. O-O-O h6 10. Bxf6 Bxf6 11. g4 g5 12. e5 dxe5 13. fxe5 Bxe5 14. Bg2 Qf6
15. Qd3 Nc5 16. Qc4 Qe7 17. Kb1 Bd7 18. Rhe1 f6 19. b4 Na4 20. Nxa4 Bxa4 21.
Nxe6 Bb5 22. Nc7+ Kf8 23. Ne6+ Ke8 24. Qb3 Rc8 25. Nd4 Bc4 26. Qa4+ b5 27. Qa5
Kf7 28. Nf5 Qc7 29. Qxc7+ Rxc7 30. Nd6+ Bxd6 31. Rxd6 Bxa2+ 32. Kb2 Rhc8 33. Be4
Bc4 34. Rxa6 Be6 35. Rf1 Re8 36. Bd3 Rce7 37. Rf2 Rb8 38. h3 Kg7 39. Re2 Rbe8
40. Bxb5 Rb8 41. Rexe6 Rxe6 42. Rxe6 Rxb5 43. Kb3 Rd5 44. Re3 h5 45. c4 Rd1 46.
gxh5 f5 47. c5 f4 48. Rf3 Rg1 49. Kc4 Rg3 50. Rf1 Rxh3 51. c6 Rxh5 52. c7 Rh8
53. b5 Kf6 54. b6 Kf5 55. b7 g4 56. c8=Q+ 1-0

[Event "Online Olym Top DivC 2021"]
[Site "chess.com INT"]
[Date "2021.09.10"]
[Round "5.1"]
[Board "5"]
[White "Di Benedetto, Edoardo"]
[Black "Golubovskis, Maksims"]
[Result "1/2-1/2"]
[WhiteTitle "IM"]
[BlackTitle "FM"]
[WhiteElo "2412"]
[BlackElo "2210"]
[WhiteTeam "Italy"]
[BlackTeam "Latvia"]
[WhiteFideId "875740"]
[BlackFideId "11608528"]
[EventDate "2021.09.09"]
[EventType "team"]

1. d4 Nf6 2. c4 e6 3. Nc3 Bb4 4. e3 O-O 5. Bd3 d5 6. cxd5 exd5 7. Ne2 Re8 8. O-O
b6 9. Nf4 Bb7 10. f3 Nbd7 11. g4 Bd6 12. Nce2 Nf8 13. Kh1 c5 14. g5 N6d7 15. h4
Ng6 16. h5 Nxf4 17. exf4 cxd4 18. Nxd4 Bc5 19. Nf5 d4 20. Bd2 Nf8 21. b4 Bd6 22.
Bb5 Qc8 23. Qb1 Rd8 24. Kh2 Ne6 25. Nxd6 Rxd6 26. Bd3 Nf8 27. Qe1 Qd7 28. Qg3 a5
29. f5 Re8 30. Rfe1 Rc8 31. h6 Rc3 32. Bxc3 dxc3 33. hxg7 Kxg7 34. Qe5+ Kg8 35.
Bb5 Rd2+ 36. Kg3 Qd8 37. Qf6 Qc7+ 38. Qe5 Qd8 39. Qe7 Qb8+ 40. Qe5 Qd8 1/2-1/2

[Event "Online Olym Top DivC 2021"]
[Site "chess.com INT"]
[Date "2021.09.10"]
[Round "5.1"]
[Board "6"]
[White "Golsta, Madara"]
[Black "Grimaldi, Angela Flavia"]
[Result "0-1"]
[BlackTitle "WFM"]
[WhiteElo "1967"]
[BlackElo "2078"]
[WhiteTeam "Latvia"]
[BlackTeam "Italy"]
[WhiteFideId "11607386"]
[BlackFideId "2805214"]
[EventDate "2021.09.09"]
[EventType "team"]

1. e4 c5 2. Nf3 Nc6 3. d4 cxd4 4. Nxd4 g6 5. c4 Nf6 6. Nc3 d6 7. Be2 Nxd4 8.
Qxd4 Bg7 9. Be3 O-O 10. Qd2 a5 11. f3 a4 12. O-O Qa5 13. Rab1 Be6 14. b4 axb3
15. axb3 Qb4 16. Rfd1 Rfc8 17. Bd4 Nd7 18. Bxg7 Kxg7 19. f4 Nc5 20. Qb2 Kg8 21.
f5 Qb6 22. Kh1 gxf5 23. exf5 Bxf5 24. Nd5 Qd8 25. Rbc1 Ne4 26. Bd3 Bg6 27. Qd4
Nc5 28. Bxg6 hxg6 29. Rc3 Ra3 30. Rh3 e5 31. Qg4 Rca8 32. b4 Rxh3 33. Qxh3 Ne6
34. Rf1 Nf4 35. Nxf4 exf4 36. Qg4 Qf6 37. g3 Ra1 38. Qf3 Rxf1+ 39. Qxf1 f3 40.
c5 dxc5 41. bxc5 Qc3 42. h4 Qe3 43. Kh2 f2 44. Kg2 Qxc5 45. Qd3 b5 46. g4 b4 47.
g5 Kg7 48. Qd8 b3 49. Qf6+ Kg8 50. Qd8+ Qf8 51. Qb6 Qa8+ 52. Kxf2 Qd5 53. Qb8+
Kg7 54. Qb4 Qf5+ 55. Kg3 Qd3+ 56. Kg2 Qe2+ 57. Kg3 Qe5+ 58. Kg4 b2 59. h5 Qf5+
60. Kh4 b1=Q 61. h6+ Kh7 62. Qf8 Qbe4+ 0-1

[Event "Online Olym Top DivC 2021"]
[Site "chess.com INT"]
[Date "2021.09.10"]
[Round "5.2"]
[Board "1"]
[White "Perez Candelario, Manuel"]
[Black "Flores, Diego"]
[Result "1/2-1/2"]
[WhiteTitle "GM"]
[BlackTitle "GM"]
[WhiteElo "2586"]
[BlackElo "2599"]
[WhiteTeam "Spain"]
[BlackTeam "Argentina"]
[WhiteFideId "2210622"]
[BlackFideId "108049"]
[EventDate "2021.09.09"]
[EventType "team"]

1. e4 c5 2. Nf3 e6 3. d4 cxd4 4. Nxd4 a6 5. Bd3 Bc5 6. Nb3 Be7 7. Qg4 g6 8. Qe2
d6 9. O-O Nd7 10. Na3 Ne5 11. Nc4 Nxc4 12. Bxc4 Qc7 13. Bd3 Bd7 14. a4 Rc8 15.
a5 Nf6 16. Bh6 Bf8 17. Be3 Bg7 18. Bb6 Qb8 19. c4 O-O 20. Rac1 Ba4 21. Na1 Nd7
22. Be3 Ne5 23. b3 Bc6 24. Nc2 Nxd3 25. Qxd3 d5 26. exd5 exd5 27. Nb4 dxc4 28.
bxc4 Qe5 29. Nxc6 Rxc6 30. c5 Qc7 31. Rb1 Re8 32. Rfd1 Bf8 33. Qd7 Qxd7 34. Rxd7
Bxc5 35. Rbxb7 Rf6 36. Rd3 Re5 37. Rb8+ Kg7 38. g3 Bxe3 39. Rxe3 Rxe3 40. fxe3
Rf5 41. Ra8 Rxa5 42. Kg2 Ra2+ 43. Kf3 Kf6 44. h4 h5 45. Ra7 Ke6 46. Kf4 Rf2+ 47.
Ke4 Ra2 48. Kf3 Ra3 49. Kf4 Ra4+ 50. Kf3 Kf6 51. Ra8 Kf5 52. Ra7 f6 53. Re7 g5
54. e4+ Kg6 55. hxg5 fxg5 56. Re6+ Kg7 57. Re5 Kf6 58. Rf5+ Kg6 59. Rc5 Ra3+ 60.
Kf2 h4 61. gxh4 gxh4 62. Kg2 a5 63. Kh2 a4 64. Ra5 h3 65. Rb5 Rb3 66. Ra5 a3 67.
e5 Kf5 68. Kh1 Kg4 69. e6 Rb1+ 70. Kh2 Rb2+ 71. Kh1 a2 72. e7 Rb1+ 73. Kh2 Rb2+
74. Kh1 Re2 75. Rxa2 Rxe7 76. Ra4+ Kf3 77. Ra3+ Re3 78. Rxe3+ Kxe3 79. Kh2 Kd4
80. Kxh3 1/2-1/2

[Event "Online Olym Top DivC 2021"]
[Site "chess.com INT"]
[Date "2021.09.10"]
[Round "5.2"]
[Board "2"]
[White "Perez Ponsa, Federico"]
[Black "Salgado Lopez, Ivan"]
[Result "1-0"]
[WhiteTitle "GM"]
[BlackTitle "GM"]
[WhiteElo "2554"]
[BlackElo "2604"]
[WhiteTeam "Argentina"]
[BlackTeam "Spain"]
[WhiteFideId "117927"]
[BlackFideId "2257327"]
[EventDate "2021.09.09"]
[EventType "team"]

1. e4 e5 2. Nf3 Nc6 3. Bb5 Nf6 4. O-O Nxe4 5. Re1 Nd6 6. Nxe5 Be7 7. Bf1 Nxe5 8.
Rxe5 O-O 9. Nc3 Ne8 10. Nd5 Bd6 11. Re2 Nf6 12. Ne3 Re8 13. d4 Bf4 14. Ng4 Nxg4
15. Rxe8+ Qxe8 16. Bxf4 d6 17. Qf3 Nf6 18. Bd3 Qc6 19. Qxc6 bxc6 20. Bd2 a5 21.
c4 a4 22. Re1 Kf8 23. f3 Rb8 24. Bc3 Ba6 25. a3 Nd7 26. Rc1 c5 27. Ba5 Nb6 28.
dxc5 dxc5 29. Kf2 Rd8 30. Bf1 f6 31. g4 g5 32. Be2 Kf7 33. h3 h6 34. Rc2 Rd7 35.
Ke1 Rd8 36. Kf2 Rd7 37. Ke1 Rd8 38. Rc3 Rd4 39. Bxb6 cxb6 40. b3 axb3 41. Rxb3
Rd6 42. Kf2 Bc8 43. Ke3 f5 44. a4 f4+ 45. Kf2 Be6 46. Ke1 Kf6 47. Ra3 Ke5 48.
Rb3 Bf7 49. Rb2 Be8 50. Ra2 Rd7 51. Rb2 Rd6 52. Ra2 Re6 53. Kd2 Kd4 54. a5 bxa5
55. Rxa5 Rb6 56. Ra8 Rb2+ 57. Ke1 Bf7 58. Rd8+ Kc3 59. Rd3+ Kb4 60. Rd6 Bxc4 61.
Rb6+ Kc3 62. Rxb2 Kxb2 63. Bxc4 Kc3 64. Be6 Kd3 65. Bf5+ Ke3 66. Be4 c4 67. Kd1
Kf2 68. Kc2 Kg3 69. Kc3 Kxh3 70. Kxc4 Kh4 71. Kd4 h5 72. gxh5 Kxh5 73. Bf5 Kh4
74. Bg4 Kg3 75. Ke5 Kh4 76. Kf5 Kg3 77. Kxg5 1-0

[Event "Online Olym Top DivC 2021"]
[Site "chess.com INT"]
[Date "2021.09.10"]
[Round "5.2"]
[Board "3"]
[White "Vega Gutierrez, Sabrina"]
[Black "Lujan, Carolina"]
[Result "1-0"]
[WhiteTitle "IM"]
[BlackTitle "IM"]
[WhiteElo "2397"]
[BlackElo "2340"]
[WhiteTeam "Spain"]
[BlackTeam "Argentina"]
[WhiteFideId "2219026"]
[BlackFideId "109878"]
[EventDate "2021.09.09"]
[EventType "team"]

1. Nf3 Nf6 2. c4 g6 3. Nc3 d5 4. cxd5 Nxd5 5. h4 Nxc3 6. bxc3 h5 7. e4 Bg7 8.
Bc4 O-O 9. Ba3 Bg4 10. Qb3 Nc6 11. Qxb7 Na5 12. Qb5 c6 13. Qc5 Bxf3 14. gxf3 e6
15. Be2 Qc7 16. f4 Nb7 17. Qg5 c5 18. Rg1 Qd8 19. Rb1 Nd6 20. f3 Rb8 21. Rxb8
Qxb8 22. Bxc5 Rd8 23. Qe7 Nb7 24. Be3 Re8 25. Qg5 Nd6 26. Kf2 Qb7 27. Bd3 Qd7
28. Rb1 Nc8 29. Bb5 Qb7 30. Bxe8 Qxb1 31. Qd8 Nb6 32. Qe7 Qxa2 33. Bxf7+ Kh7 34.
Qg5 Nc4 35. Qxg6+ Kh8 36. Qxh5+ 1-0

[Event "Online Olym Top DivC 2021"]
[Site "chess.com INT"]
[Date "2021.09.10"]
[Round "5.2"]
[Board "4"]
[White "Borda Rodas, Anapaola S."]
[Black "Matnadze, Ana"]
[Result "0-1"]
[WhiteTitle "WFM"]
[BlackTitle "IM"]
[WhiteElo "2162"]
[BlackElo "2418"]
[WhiteTeam "Argentina"]
[BlackTeam "Spain"]
[WhiteFideId "152781"]
[BlackFideId "13601377"]
[EventDate "2021.09.09"]
[EventType "team"]

1. e4 c6 2. d4 d5 3. e5 a6 4. Bd3 g6 5. h4 h5 6. Nd2 Nh6 7. Nf1 Nf5 8. c3 c5 9.
dxc5 Qc7 10. Nf3 Qxc5 11. Ne3 Nxe3 12. Bxe3 Qc7 13. Qa4+ Nc6 14. O-O Bg7 15. Bf4
e6 16. Rfe1 Bd7 17. Qc2 Ne7 18. Bg5 Nf5 19. Bxf5 gxf5 20. Rad1 Rg8 21. Qd2 Bf8
22. Nd4 Be7 23. Bxe7 Kxe7 24. Qh6 Rg6 25. Qxh5 Rag8 26. g3 f4 27. Ne2 fxg3 28.
fxg3 Bb5 29. Nf4 Rxg3+ 30. Kh2 Qb6 31. Rd4 Bc6 32. Re2 R3g4 33. Nxd5+ Bxd5 34.
Rxg4 Bf3 35. Reg2 Bxg4 0-1

[Event "Online Olym Top DivC 2021"]
[Site "chess.com INT"]
[Date "2021.09.10"]
[Round "5.2"]
[Board "5"]
[White "Henderson de La Fuente, Lance"]
[Black "Kapitanchuk, Tomas"]
[Result "1-0"]
[WhiteTitle "GM"]
[BlackTitle "FM"]
[WhiteElo "2491"]
[BlackElo "2346"]
[WhiteTeam "Spain"]
[BlackTeam "Argentina"]
[WhiteFideId "32096585"]
[BlackFideId "135046"]
[EventDate "2021.09.09"]
[EventType "team"]

1. d4 Nf6 2. Nf3 e6 3. g3 b5 4. Bg2 Bb7 5. O-O Be7 6. a4 b4 7. c4 O-O 8. b3 d6
9. Bb2 c5 10. Nbd2 a5 11. Qc2 cxd4 12. Nxd4 Bxg2 13. Kxg2 Qb6 14. Kg1 Nbd7 15.
Nb5 Rac8 16. Rad1 Rfd8 17. Bd4 Nc5 18. Bxf6 Bxf6 19. Ne4 Be7 20. Nxc5 Rxc5 21.
Qe4 d5 22. cxd5 Rcxd5 23. Rxd5 Rxd5 24. Rc1 Bc5 25. e3 g6 26. Kg2 Kg7 27. h4 h6
28. Rc2 Qd8 29. Qf4 Rf5 30. Qe4 h5 31. Qc6 Qf6 32. Nc7 Qe5 33. Qb7 g5 34. Rxc5 1-0